Представление документа в формате MARC21

ПолеНазваниеЗначение
  Тип записи a
  Библиографический уровень m
001 Контрольный номер BIBLIOCLUB\0000721371
005 Дата корректировки 20260430154905.2
006 m o d
007 Элементы данных для физической характеристики c|||||||||||||
008 Кодируемые данные s2025 rus o rus d
020 Индекс ISBN __
a ISBN 978-5-00172-740-8
041 Код языка издания 0_
a Код языка текста rus
084 Индекс другой классификации/Индекс ББК __
a Индекс другой классификации/Индекс ББК 22.1я73
b Номер единицы LBC/PL
2 Источник индекса rubbk
084 Индекс другой классификации/Индекс ББК __
a Индекс другой классификации/Индекс ББК 32.972.131.4я73
b Номер единицы LBC/PL
2 Источник индекса rubbk
084 Индекс другой классификации/Индекс ББК __
a Индекс другой классификации/Индекс ББК 32.973.2я73
b Номер единицы LBC/PL
2 Источник индекса rubbk
100 Автор 1_
a Автор Борисова Л. Р.
245 Заглавие 10
a Заглавие Математика и анализ данных с поддержкой MS Excel и языка R: практикум
b Продолж. заглавия учебное пособие
c Ответственность Л. Р. Борисова, И. Ю. Седых, М. Б. Хрипунова
c Ответственность под ред. И. Ю. Седых
c Ответственность Финансовый университет при Правительстве Российской Федерации
n Номер части/ раздела Ч. 2
260 Выходные данные __
a Место издания Москва
b Издательство Прометей
c Дата издания 2025
300 Физическое описание __
a Объем 354 с.
b Иллюстрации/ тип воспроизводства ил., табл.
504 Библиография __
a Библиография Библиогр. в кн
653 Ключевые слова 1_
a Ключевые слова Учебник для высшей школы
700 Другие авторы _1
a Другие авторы Седых И. Ю.
700 Другие авторы _1
a Другие авторы Хрипунова М. Б.
702 _1
a Седых
b И. Ю.
4 340
856 Электронный адрес документа 40
3 Область применения данных поля Университетская библиотека ONLINE
u URL https://biblioclub.ru/index.php?page=book&id=721371
900 Электронные ресурсы __
a Имя электронного ресурса https://img.biblioclub.ru/sm_cover/d09d9b93d09a0e7266968257d0f8f4f5dmraic18p4/cover.jpg